000 00289nam a22001217a 4500
041 _aENG
100 _aPandey .MK
245 _aMagical Book Series Analytical Reasoning
260 _aDelhi
_bBSC Pub
_c2000
300 _a710
650 _aCompetitlve Exam
856 _uCompetitlve Exam (36)
999 _c928
_d928